| 000 | 01461pam a2200361 a 4500 | ||
|---|---|---|---|
| 001 | 3435120 | ||
| 003 | EG-ScBUE | ||
| 005 | 20220324113714.0 | ||
| 008 | 910503s1991 enk f 000 1 eng d | ||
| 020 | _a9780679407591 | ||
| 040 |
_aDLC _beng _erda _cDLC _dOCoLC _dDLC _dEG-ScBUE |
||
| 041 | 1 |
_aeng _hrus |
|
| 082 | 0 | 4 |
_a891.7342 _222 _bPAS |
| 100 | 1 |
_aPasternak, Boris Leonidovich, _d1890-1960, _eauthor. _929905 |
|
| 240 | 1 | 0 |
_aDoktor Zhivago. _lEnglish |
| 245 | 1 | 0 |
_aDoctor Zhivago / _cBoris Pasternak ; translated from the Russian by Manya Harari and Max Hayward ; with an introduced by John Bayley. |
| 264 | 1 |
_aLondon : _bAlfred A. Knopf, _c1991. |
|
| 300 |
_axxxv, 510 pages ; _c22 cm. |
||
| 336 |
_2rdacontent _atext _btxt |
||
| 337 |
_2rdamedia _aunmediated _bn |
||
| 338 |
_2rdacarrier _avolume _bnc |
||
| 490 | 0 |
_aEveryman's library ; _v41 |
|
| 546 | _aText in English ; translated from the original Russian. | ||
| 650 | _2BUEsh | ||
| 651 | 7 |
_aSoviet Union _xHistory _yRevolution, 1917-1921 _vFiction. _2BUEsh _929907 |
|
| 653 |
_cMay2012 _bHHUUEENN |
||
| 655 |
_vReading book _934232 |
||
| 700 | 1 |
_aHarari, Manya, _d1906-1969, _etranslator. _929909 |
|
| 700 | 1 |
_aHayward, Max, _etranslator. _929910 |
|
| 700 | 1 |
_aBayley, John, _d1925-2015, _eauthor of introduction, etc. _940650 |
|
| 942 |
_2ddc _cBB |
||
| 999 |
_c16727 _d16727 |
||